000 00302nam a22001337a 4500
008 170629b xxu||||| |||| 00| 0 eng d
020 _a0813101948
041 _aeng
080 _22ND
_a82
100 _a22
101 _aGJL
245 _aA READER'S GUITE TO CONTEMPORARY
_cSELDEN,R
942 _2udc
_cBK
999 _c19586
_d19586